000
00261nam a22000977a 4500
999
_c
11247
_d
11247
008
181122b ||||| |||| 00| 0 eng d
020
_a
9788183507820
100
_8
Grewal,T.S.
245
_a
Double Entry Book Keeping-Vol-II
260
_a
New Delhi
_b
Sultan Chand
_c
2018